Im Schatten Romanettis; (Record no. 5992)

MARC details
000 -LEADER
fixed length control field 00752cam a22002171 4500
001 - CONTROL NUMBER
control field af 48004327
003 - CONTROL NUMBER IDENTIFIER
control field DLC
005 - DATE AND TIME OF LATEST TRANSACTION
control field 20260227110907.0
008 - FIXED-LENGTH DATA ELEMENTS--GENERAL INFORMATION
fixed length control field 890325t19461945au 000 1 ger c
010 ## - LIBRARY OF CONGRESS CONTROL NUMBER
LC control number af 48004327
035 ## - SYSTEM CONTROL NUMBER
System control number (OCoLC)19454826
040 ## - CATALOGING SOURCE
Original cataloging agency Yale Univ. Library
Transcribing agency CU
Modifying agency DLC
042 ## - AUTHENTICATION CODE
Authentication code premarc
050 00 - LIBRARY OF CONGRESS CALL NUMBER
Classification number PT2603.I238
Item number I5
100 1# - MAIN ENTRY--PERSONAL NAME
Personal name Bienek, Gustav Karl.
245 10 - TITLE STATEMENT
Title Im Schatten Romanettis;
Remainder of title abenteuerliche Novellen.
260 ## - PUBLICATION, DISTRIBUTION, ETC.
Place of publication, distribution, etc. [Wien,
Name of publisher, distributor, etc. A. Sexl]
Date of publication, distribution, etc. 1946 [c1945]
300 ## - PHYSICAL DESCRIPTION
Extent 239 p.
Dimensions 21 cm.
440 #0 - SERIES STATEMENT/ADDED ENTRY--TITLE
Title Obelisk-Ausgabe
505 0# - FORMATTED CONTENTS NOTE
Formatted contents note Im Schatten Romanettis.--Die Busse des Kotja Popovic.--Der Schatz von Botticelle.--Der Don Quichotte von San Jorge.--Die grosse Sehnsucht.--Das fremde Mädchen.--Das ermordete Porträt.

No items available.

Powered by Koha